K strategii privatizace. 2.
Privatizácia - cesta k demonopolizácii. Etapy privatizácie. Nevyhnutnosť oddelenia procesu privatizácie od štátneho rozpočtu. Formovanie inštitucionálneho rámca privatizácie. Hlavné zásady hospodárskej politiky na podporu privatizácie. Vytváranie priaznivých podmienok pre rýchly rozvoj drobného súkr...
Na minha lista:
| Autor principal: | |
|---|---|
| Formato: | Capítulo de Livro |
| Idioma: | tcheco |
| Assuntos: | |
| Tags: |
Sem tags, seja o primeiro a adicionar uma tag!
|
MARC
| LEADER | 00000naa a2200000 4500 | ||
|---|---|---|---|
| 001 | r002941 | ||
| 005 | 20220819175321.8 | ||
| 041 | 0 | |a cze | |
| 044 | |a [CS] | ||
| 245 | 1 | 0 | |a K strategii privatizace. 2. |c Václav Klusoň |
| 520 | |a Privatizácia - cesta k demonopolizácii. Etapy privatizácie. Nevyhnutnosť oddelenia procesu privatizácie od štátneho rozpočtu. Formovanie inštitucionálneho rámca privatizácie. Hlavné zásady hospodárskej politiky na podporu privatizácie. Vytváranie priaznivých podmienok pre rýchly rozvoj drobného súkromného podnikania ako súčasť privatizácie. | ||
| 610 | 2 | 0 | |a demonopolizácia |
| 610 | 2 | 0 | |a privatizácia |
| 610 | 2 | 0 | |a rozpočet štátny |
| 610 | 2 | 0 | |a politika hospodárska |
| 610 | 2 | 0 | |a podnikanie drobné |
| 610 | 2 | 0 | |a podnikanie súkromné |
| 100 | 1 | |a Klusoň, Václav | |